The terror of pota : (Record no. 39112)

MARC details
000 -LEADER
fixed length control field 00766nam a22002177a 4500
005 - DATE AND TIME OF LATEST TRANSACTION
control field 20100804104343.0
010 ## - LCCN (DPL NO)
LC control number ENG-98007
020 ## - INTERNATIONAL STANDARD BOOK NUMBER
Terms of availability 200.00
035 ## - SYSTEM CONTROL NUMBER
System control number EN-81540
037 ## - SOURCE OF ACQUISITION
Source of stock number/acquisition DBAD/PUB
082 ## - DEWEY DECIMAL CLASSIFICATION NUMBER
Classification number 363.320954
245 ## - TITLE STATEMENT
Title The terror of pota :
Remainder of title and other security legislation in India /
Statement of responsibility, etc by Preeti Verma
260 ## - PUBLICATION, DISTRIBUTION, ETC. (IMPRINT)
Place of publication, distribution, etc New Delhi
Name of publisher, distributor, etc Tribunal Secretariat
Date of publication, distribution, etc 2004
270 ## - ADDRESS
Address , Masjid Road, Jungpura
City New Delhi
Postal code 110014
300 ## - PHYSICAL DESCRIPTION
Extent 629p.
Dimensions 25cm (pbk)
650 ## - SUBJECT ADDED ENTRY--TOPICAL TERM
Topical term or geographic name as entry element Civil rights
650 ## - SUBJECT ADDED ENTRY--TOPICAL TERM
Topical term or geographic name as entry element Terrorism prevention
700 ## - ADDED ENTRY--PERSONAL NAME
Personal name Verma, Preeti
9 (RLIN) 5711
942 ## - ADDED ENTRY ELEMENTS (KOHA)
Source of classification or shelving scheme Dewey Decimal Classification
Item type English Books
Classification part 363.320954
Holdings
Withdrawn status Lost status Not for loan Collection code Home library Current library Date acquired Source of acquisition Cost, normal purchase price Full call number Barcode Copy number Cost, replacement price Koha item type
    Not For Loan Non-fiction D.B.Act.Division D.B.Act.Division 04/08/2010 DBAD/PUB 200.00 363.320954 EN-81540 1 200.00 English Books

© Delhi Public Library
Hit Counter
free hit counter